000 01599nam a2200373 a 4500
001 00161
003 DO-SdBNP
005 20180315121305.0
007 00161
008 091125s 2008 dr 000 0 spa d
040 _aBPMSU
_bspa
_cBPMSU
092 _a372.7
_bE96m 4to. 2008
245 0 0 _aExplora la matemática 4 :
_b[educación básica] /
_cEduardo Luna...[et al.] ; directora del proyecto Sarah González de Lora.
260 _aSanto Domingo :
_bUSAID,
_bPUCMM,
_c2008.
300 _a573 p. :
_bil. ;
_c28 cm.
505 0 _tUnidad 1 :
_tNúmeros --
_tUnidad 2 :
_tSuma --
_tUnidad 3 :
_tResta --
_tUnidad 4 :
_tMultiplicación --
_tUnidad 5 :
_tDivisión --
_tUnidad 6 :
_tFracciones --
_tUnidad 7 :
_tDecimales --
_tUnidad 8 :
_tGeometría --
_tUnidad 9 :
_tMediciones --
_tUnidad 10 :
_tEstadística --
650 4 _aMATEMÁTICAS
_xENSENANZA BÁSICA
650 4 _aMATEMÁTICAS
_xEDUCACIÓN PRIMARIA
650 4 _aEDUCACIÓN PRIMARIA
_zREPÚBLICA DOMINICANA
650 4 _aMATEMÁTICAS
_xLIBROS DDE TEXTOS
650 4 _aMATEMÁTICAS
_xESTUDIOS Y EJERCICIOS
700 1 _aLuna, Eduardo
700 1 2 _aGonzález de Lora, Sarah,
_edir.
700 1 _aLópez Pichardo, Karin
_eil.
700 1 _aFernández, Patria
700 1 _aHenríquez, Luis
710 1 2 _aAgencia Internacional para el Desarrollo de los Estados Unidos
710 1 2 _aPontificia Universidad Cátolica Madre y Maestra
910 _aValidado. Control de calidad MFF
942 _2ddc
_cBK
945 _aRemanejado para la BNPHU / 2018 VM
956 _aVMATEO
_b10
_c20150813
_lBPMSU
_h00151
956 _aBPMSU
_b10
_c20160407
_lBPMSU
_h161
999 _c8199
_d8199